000
00294 a2200121 4500
001
32824
082
_a
958.1MAC
090
_c
21997
_d
21997
100
_a
Macmunn,G
245
_a
Afghanistan from darius to amanullah
260
_a
Lahore
_b
Sang-e-Meel Publication
_c
2002
300
_a
xii, 359 p.
942
_a
NUST-CAE
_k
958.1MAC
999
_c
267897
_d
267897